| 000 | 02279cam a22005054a 4500 | ||
|---|---|---|---|
| 001 | muse82360 | ||
| 003 | MdBmJHUP | ||
| 005 | 20210127151810.0 | ||
| 006 | m o d | ||
| 007 | cr||||||||nn|n | ||
| 008 | 200227s2020 ilu o 00 0 eng d | ||
| 010 | _z 2020010468 | ||
| 020 | _a9780810142138 | ||
| 020 | _a0810142139 | ||
| 020 | _z9780810142114 | ||
| 020 | _z9780810142121 | ||
| 020 | _z0810142120 | ||
| 035 | _a(OCoLC)1175916246 | ||
| 040 |
_aMdBmJHUP _cMdBmJHUP |
||
| 043 | _ae------ | ||
| 050 | 0 | 4 |
_aPN1995.9.I575 _bS74 2020 |
| 082 | 0 |
_a791.43653 _223 |
|
| 100 | 1 |
_aStehle, Maria, _eauthor. |
|
| 245 | 1 | 0 |
_aPrecarious Intimacies _bThe Politics of Touch in Contemporary Western European Cinema / _cMaria Stehle and Beverly Weber. |
| 264 | 1 | _bNorthwestern University Press, | |
| 264 | 3 | _bProject MUSE, | |
| 300 | _a1 online resource (pages cm) | ||
| 504 | _aIncludes bibliographical references and index. | ||
| 505 | 0 | _aIntroduction: Politics of Intimacy in Contemporary European Cinema -- Touching Journeys: Precarious Intimacies and Narratives of Nonarrival -- Touch as Narrative Disruption: Race, Gender, and Queering Intimacy -- Religion, Sexuality, and Precarious Intimacy -- Commodified Intimacy in a Globalizing Europe -- White Fragility and the White Gaze: Race, Gender, and Neoliberalism -- Conclusion: Precarious Intimacies, Collaborations, and Solidarities | |
| 506 | 0 |
_aOpen Access _fUnrestricted online access _2star |
|
| 520 |
_a"This book interrogates the politics and aesthetics of intimacy in European cinema through the lens of precarity"-- _cProvided by publisher. |
||
| 588 | _aDescription based on print version record. | ||
| 650 | 0 | _aTouch in motion pictures. | |
| 650 | 0 | _aIntimacy (Psychology) in motion pictures. | |
| 650 | 0 |
_aMotion pictures _zEurope _xHistory. |
|
| 655 | 7 |
_aElectronic books. _2local |
|
| 700 | 1 |
_aWeber, Beverly M., _eauthor. |
|
| 710 | 2 |
_aProject Muse. _edistributor |
|
| 830 | 0 | _aBook collections on Project MUSE. | |
| 856 | 4 | 0 |
_zFull text available: _uhttps://muse.jhu.edu/book/77022/ |
| 999 |
_c27066 _d27066 |
||